Microsoft Foundation Class 4 bible / (Record no. 176550)
[ view plain ]
| 000 -LEADER | |
|---|---|
| fixed length control field | 01138 a2200229 4500 |
| 003 - CONTROL NUMBER IDENTIFIER | |
| control field | Nust |
| 005 - DATE AND TIME OF LATEST TRANSACTION | |
| control field | 20250919162924.0 |
| 010 ## - LIBRARY OF CONGRESS CONTROL NUMBER | |
| LC control number | 96014120 |
| 020 ## - INTERNATIONAL STANDARD BOOK NUMBER | |
| International Standard Book Number | 1571690212 |
| 040 ## - CATALOGING SOURCE | |
| Transcribing agency | Nust |
| 082 00 - DEWEY DECIMAL CLASSIFICATION NUMBER | |
| Classification number | 005.262,PAN |
| 100 1# - MAIN ENTRY--PERSONAL NAME | |
| Personal name | Pandolfi, Fred. |
| 9 (RLIN) | 130498 |
| 245 10 - TITLE STATEMENT | |
| Title | Microsoft Foundation Class 4 bible / |
| Statement of responsibility, etc. | Fred Pandolfi, Mike Oliver, Michael Wolski. |
| 246 3# - VARYING FORM OF TITLE | |
| Title proper/short title | Microsoft Foundation Class four bible |
| 260 ## - PUBLICATION, DISTRIBUTION, ETC. | |
| Place of publication, distribution, etc. | Corte Madera, CA : |
| Name of publisher, distributor, etc. | Waite Group Press, |
| Date of publication, distribution, etc. | 1996. |
| 300 ## - PHYSICAL DESCRIPTION | |
| Extent | xx, 1132 p. : |
| Other physical details | ill. ; |
| Dimensions | 23 cm. + |
| Accompanying material | 1 computer laser optical disk (4 3/4 in.) |
| 505 ## - FORMATTED CONTENTS NOTE | |
| Formatted contents note | Windows programming (Page-1), The MFC framework (Page-11), Application classes (Page-53), Windows messaging (Page-103), The MFC window (Page-166), Document/view (Page-241), Frame windows (Page-339), Dialog boxes (Page-403), Windows control (Page-503), Menus and controls bars (Page-677), Device contexis (Page-745),The MFC GDI (Page-901), Collection classes (Page-995), Debugging and exception handling (Page-1093). |
| Miscellaneous information | . |
| 650 #0 - SUBJECT ADDED ENTRY--TOPICAL TERM | |
| Topical term or geographic name entry element | C++ (Computer program language) |
| 700 1# - ADDED ENTRY--PERSONAL NAME | |
| Personal name | Oliver, Mike. |
| 9 (RLIN) | 130499 |
| 700 1# - ADDED ENTRY--PERSONAL NAME | |
| Personal name | Wolski, Michael. |
| 9 (RLIN) | 130500 |
| 942 ## - ADDED ENTRY ELEMENTS (KOHA) | |
| Source of classification or shelving scheme | |
| Koha item type | Book |
| Withdrawn status | Lost status | Source of classification or shelving scheme | Damaged status | Not for loan | Permanent Location | Current Location | Shelving location | Date acquired | Full call number | Barcode | Date last seen | Price effective from | Koha item type | Public note |
|---|---|---|---|---|---|---|---|---|---|---|---|---|---|---|
| Military College of Signals (MCS) | Military College of Signals (MCS) | General Stacks | 12/12/2016 | 005.262,PAN | MCS27363 | 12/08/2016 | 12/12/2016 | Book | Almirah No.80, Shelf No.4 |
